|
|
|
|
| LEADER |
00600nam a22001457a 4500 |
| 008 |
181206b ||||| |||| 00| 0 mal d |
| 999 |
|
|
|c 300035
|d 300035
|
| 020 |
|
|
|a 9788176385602
|
| 082 |
|
|
|a 294.5921
|
| 100 |
|
|
|a Govindan Namboodiri, Varanakkode.
|
| 245 |
|
|
|a Keraleeya vaidikaparambaryam /
|c BY Varanakkode Govindan Namboodiri.
|
| 260 |
|
|
|a Thiruvananthapuram :
|b Kerala Bhasha Institute ,
|c 2013.
|
| 300 |
|
|
|a 152p.
|
| 942 |
|
|
|c BK
|
| 952 |
|
|
|0 0
|1 0
|2 ddc
|4 0
|6 294_592100000000000_GOV_K
|7 0
|9 342468
|a SAN
|b SAN
|c ST1
|d 2018-12-06
|g 75.00
|i 11895
|l 1
|o 294.5921 GOV/K
|p SAN11895
|q 2022-01-02
|r 2021-12-03
|s 2021-12-03
|w 2018-12-06
|y BK
|